Chemical polymer and fiber additives for low maintenance highways (Record no. 34636)

MARC details
000 -LEADER
fixed length control field 00308nam a2200109Ia 4500
082 ## - DEWEY DECIMAL CLASSIFICATION NUMBER
Classification number 665.93
Item number HOF
100 ## - MAIN ENTRY--AUTHOR NAME
Personal name Hoff, G C
245 #0 - TITLE STATEMENT
Title Chemical polymer and fiber additives for low maintenance highways
260 ## - PUBLICATION, DISTRIBUTION, ETC. (IMPRINT)
Place of publication New Jersey
Name of publisher Noyes Data
Year of publication 1979
942 ## - ADDED ENTRY ELEMENTS (KOHA)
Koha item type Books
Holdings
Withdrawn status Lost status Damaged status Not for loan Home library Current library Date acquired Full call number Accession Number Koha item type
        RRII Library RRII Library 16/12/2021 665.93 HOF 15066 Books